| 000 | 01143nam a2200253 u 4500 | ||
|---|---|---|---|
| 001 | 000002969 | ||
| 005 | 20250714091948.0 | ||
| 008 | 090706s1988 dr 000 0 spa d | ||
| 040 |
_aDO-SdBNP _bspa _cBNPHU |
||
| 082 |
_a338.947 _bH558r |
||
| 100 | 1 |
_aHernecker, Marta _99431 |
|
| 245 | 1 | 3 |
_aLa revolución de las esperanzas : _bentrevista a Kiva Maidanik / _cMarta Hernecker. |
| 260 |
_aSanto Domingo : _bTaller, _c1988. |
||
| 300 |
_a152 p. ; _c19 cm. |
||
| 520 | 0 | _aEntrevista a Kiva Maidanik, historiadora y politóloga soviética e investigadora del Instituto de Economía Mundial y Relaciones Exteriores de la Academia de Ciencias de Rusia, sobre las posibles implicaciones de las políticas de Glasnost y Perestroika en la Unión Soviética. | |
| 651 | 4 |
_aUnión Soviética _xPolítica Y Gobierno _y1985-1991 _99432 |
|
| 651 | 4 |
_aUnión Soviética _xPolítica Económica _y1986-1991 _99433 |
|
| 650 | 4 |
_aSistemas económicos comparados _99434 |
|
| 650 | 0 |
_aEconomía marxista _99435 |
|
| 650 | 4 |
_aComunismo _92880 |
|
| 650 | 0 |
_aSocialismo _9287 |
|
| 700 | 1 |
_aMaidanik, K. L. _q(Kiva Lʹvovich) _99436 |
|
| 910 | _aJornada de catalogación | ||
| 999 |
_c2801 _d2801 |
||